Čepobití nad Prahou = Military tattoo over Prague = Zapfenstreich über Prag

Korporativní autor: Hudba Hradní stráže a Policie ČR
Další autoři: Blahunek, Václav, 1971-
Jazyk: Nelze použít, není lingvistický obsah
Vydáno: [Praha] : [Hudba Hradní stráže a Policie ČR], [2022?]
Témata:
Fyzický popis: 1 CD audio (46:21) ; 12 cm
Zvukové nahrávky
Uloženo v:
LEADER 02588njm a2200553 i 4500
001 001832272
003 CZ BrMZK
005 20221205111916.0
007 sd fungnnmmned
008 220824p20222021xr munng hi n zxx
040 |a BOA001  |b cze  |e rda 
041 0 |g cze  |g eng  |g ger 
043 |a e-xr--- 
045 |a w-x- 
047 |a mr  |a df 
072 7 |x Instrumentální hudba. Symfonická hudba. Hudba pro více nástrojů  |a 785  |2 Konspekt  |9 9 
080 |a 785.11  |2 MRF 
080 |a 785.12  |2 MRF 
080 |a 78.084  |2 MRF 
080 |a 78.085.2  |2 MRF 
080 |a (086.76)  |2 MRF 
245 1 0 |a Čepobití nad Prahou =  |b Military tattoo over Prague = Zapfenstreich über Prag 
246 3 1 |a Military tattoo over Prague 
246 3 1 |a Zapfenstreich über Prag 
264 1 |a [Praha] :  |b [Hudba Hradní stráže a Policie ČR],  |c [2022?] 
300 |a 1 CD audio (46:21) ;  |c 12 cm 
306 |a 004621 
336 |a hraná hudba  |b prm  |2 rdacontent 
337 |a audio  |b s  |2 rdamedia 
338 |a audiodisk  |b sd  |2 rdacarrier 
344 |a digital  |b optical  |2 rda 
347 |a audio soubor  |b CD audio  |2 rda 
500 |a Název z disku 
500 |a Informace o hudbě a historické informace vícejazyčně (60 stran) v pouzdře 
505 0 0 |t Proč bychom se netěšili --  |r Bedřich Smetana --  |t Humoreska /  |r Antonín Dvořák --  |t Castaldo /  |r Rudolf Nováček --  |t Starý bručoun ;  |t Veselí vesničtí kováři /  |r Julius Fučík --  |t Na motoru /  |r František Kmoch --  |t Vzpomínka na Zbiroh /  |r Václav Vačkář --  |t Na zdar vaší výstavě /  |r Rudolf Nováček --  |t Pražská polka /  |r František Svoboda --  |t Probuzení /  |r Václav Vačkář --  |t Velebínka /  |r Rudolf Nováček --  |t Okolo Vyšehradu /  |r František Kovařík --  |t Zastaveníčko /  |r Filip Fahrbach --  |t Defilé /  |r Antonín Ambrož --  |t Gebet 
511 0 |a Hudba Hradní stráže a Policie ČR, Václav Blahunek, dirigent 
518 |o Nahráno  |d 8. a 9. října 2021  |p kongresový sál České národní banky, Praha 
648 7 |a 19.-20. století  |7 ch757015 
650 0 7 |a orchestrální hudba  |7 ph123783  |z Česko  |y 19.-20. století  |2 czenas 
655 0 7 |a dechová hudba  |7 fd980019  |2 czenas 
655 0 7 |a pochody  |7 fd980021  |2 czenas 
655 7 |a polky  |7 fd980022  |2 czenas 
655 7 |a kompaktní disky  |7 fd201991  |2 czenas 
700 1 |a Blahunek, Václav,  |d 1971-  |7 xx0070732  |4 cnd 
710 2 |a Hudba Hradní stráže a Policie ČR  |7 ko2004264106  |4 itr 
910 |a BOA001  |b CDR-1492.889 
990 |a AV 
991 |b 202212 
996 6 |b 2610915992  |c CDR-1492.889  |l MZK  |r Sklad / do 24 hodin  |n 0  |p p.v.  |w 001900999  |u 000010  |a 1  |e BOA001  |j MZK50  |s P